Fallout Quiz - Statistics

General Stats
  • This quiz has been taken 448 times
  • The average score is 4 of 15
Answer Stats
Hint Answer % Correct
Which company produces the Vaults? Vault-tec
98%
Which town do you meet Boone in Fallout New Vegas? Novac
70%
Which Vault do you originate from in Fallout 3? Vault 101
63%
Where is Fallout 3 set? Washington
40%
What year is Fallout 3 set in? 2277
32%
Where is Fallout 4 set? Boston
30%
Where is Fallout New Vegas set? Nevada
30%
When was Fallout 1 released? 1997
22%
What is the name of the saloon in Megaton? Moriarty Saloon
19%
Who are the current owners of the Fallout series? Bethesda
17%
Who were the original creators of the Fallout series? Interplay Entertainment
9%
When is/was Fallout 4 released? November 10
7%
Which company developed Fallout 2? Black Isle Studios
5%
When was Fallout Shelter released? June 14
0%
What console was Fallout Tactics released on? Nintendo 64
0%
No matching quizzes found
Score Distribution
Percent of People with Each Score
Percentile by Number Answered
Your Score History
You have not taken this quiz